Cold war turning points - Statistics

General Stats
  • This quiz has been taken 86 times
  • The average score is 4 of 65
Answer Stats
Hint Answer % Correct
1961 Berlin wall
52%
1962 Cuban missile crisis
50%
1964 Vietnam war
45%
1945 Yalta Conference
23%
1945 Potsdam conference
21%
1947 Marshall plan
20%
1948 Berlin blockade
16%
1947 Truman doctrine
16%
1968 Prague spring
14%
1955 warsaw pact
14%
1943 Tehran conference
13%
1957 Sputnik
11%
1956 Suez crisis
11%
1953 Death of Stalin
9%
1956 Hungarian uprising
7%
1947 Cominform
5%
1946 Iron curtain speech
5%
1941 Atlantic charter
4%
1949 FRG formed
4%
1955 Geneva summit
4%
1949 NATO formed
4%
1939 Nazi-soviet pact
4%
1941 Operation Barbarossa
4%
1972 Salt 1
4%
1979 SALT 2
4%
1945 VE day
4%
1945 VJ day
4%
1958 Berlin ultimatum
2%
1947 Bizonia
2%
1953 East german uprising
2%
1949 GDR formed
2%
1955 Hallstein doctrine
2%
1975 Helsinki accords
2%
1947 London conference of foreign ministers
2%
1947 Moscow conference of foreign ministers
2%
1944 Naughty document
2%
1950 Pleven plan
2%
1949 PRC formed
2%
1956 Riots in poznan
2%
1952 Schuman plan
2%
1952 Stalins note
2%
1960 U2 spy plane incident
2%
1944 Warsaw uprising
2%
1949 World committee for the partisans of peace
2%
1975 Angolan civil war
0%
1990 Baltic republics begin independance
0%
1989 Brezhnev doctrine ends
0%
1989 collapse of the eastern bloc
0%
1991 Communist party coup
0%
1957 Conference of international communist leaders
0%
1989 congress of peoples deputies
0%
1985 Gorbachov becomes leader of the USSR
0%
1967 Hamel report
0%
1987 Inf treaty
0%
1981 Martial law declared in poland
0%
1970 Moscow treaty
0%
1966 Nato expelled from headquarters in Paris
0%
1963 Partial test ban treaty
0%
1980 Reagan elected as president of the US
0%
1972 Shanghai Communique
0%
1990 treaty on conventional armed forces in europe
0%
1949 USSR detonates first atomic bomb
0%
1969 Ussuri river dispute
0%
1966 Willy Brandt becomes foreign minister of FRG
0%
1991 Yugoslavian civil war
0%
No matching quizzes found
Score Distribution
Percent of People with Each Score
Percentile by Number Answered
Your Score History
You have not taken this quiz